Memoirs of the court of Charles the Second /

Saved in:
Bibliographic Details
Main Author: Hamilton, Anthony, Count, ca. 1646-1720
Other Authors: Scott, Walter, Sir, 1771-1832, Gramont, Philibert, comte de, 1621-1707, Blount, Thomas, 1618-1679
Format: Book
Language:English
French
Published: London : Henry G. Bohn, 1846.
Subjects:
LEADER 01662nam a22003131a 4500
001 c000363492
003 CARM
005 20010423084343.0
008 851113s1846 enkf 001 0deng d
019 1 |a 4152170  |5 LACONCORD2021 
035 |a (OCoLC)2899092  |5 LACONCORD2021 
040 |a NUN  |b eng  |c NUN  |d 2907 
041 0 |a eng  |h fre 
082 0 4 |a 941.066  |2 20 
100 1 |a Hamilton, Anthony,  |c Count,  |d ca. 1646-1720. 
240 1 0 |a Mémoires de la vie du comte de Grammont.  |l English. 
245 1 0 |a Memoirs of the court of Charles the Second /  |c by Count Grammont, with numerous additions and illustrations, as edited by Sir Walter Scott. Also the personal history of Charles, including the King's own account of his escape and preservation after the battle of Worcester, as dictated to Pepys, and the Boscobel Tracts, or, contemporary narratives of His Majesty's adventures, from the murder of his father to the restoration. Carefully edited, with additional illustrations. 
260 |a London :  |b Henry G. Bohn,  |c 1846. 
300 |a 546 p., [1] leaf of plate ;  |c 18 cm. 
500 |a Includes index. 
600 0 0 |a Charles  |b II,  |c King of England,  |d 1630-1685. 
600 1 0 |a Gramont, Philibert,  |c comte de,  |d 1621-1707. 
651 0 |a Great Britain  |x Court and courtiers. 
700 1 |a Scott, Walter,  |c Sir,  |d 1771-1832. 
700 1 |a Gramont, Philibert,  |c comte de,  |d 1621-1707. 
700 1 2 |a Blount, Thomas,  |d 1618-1679.  |t Boscobel. 
852 8 |b CARM  |h A1:AN18A0  |i A04610  |p 0409923  |f BK 
999 f f |i 7c5a6722-f321-55d2-a7d5-4184ad835b87  |s 4adc5ec2-f21c-5e52-9793-e72937e62222 
952 f f |p Can circulate  |a CAVAL  |b CAVAL  |c CAVAL  |d CARM 1 Store  |e A04610  |f A1:AN18A0  |h Other scheme  |i book  |m 0409923